LEADER 01738nam0 22004213i 450 001 SBL0364942 005 20251003044353.0 010 $a8814039437 020 $aIT$b92-5088 100 $a20140822d1971 ||||0itac50 ba 101 | $aita 102 $ait 181 1$6z01$ai $bxxxe 182 1$6z01$an 183 1$6z01$anc$2RDAcarrier 200 1 $aDiritto costituzionale$fPietro Virga 205 $a7. ed. interamente rifatta 210 $aMilano$cGiuffre$d1971 215 $aX, 798 p.$d25 cm 606 $aDiritto costituzionale$2FIR$3CFIC000969$9E 676 $a342$9DIRITTO COSTITUZIONALE E AMMINISTRATIVO$v12 676 $a342$9DIRITTO COSTITUZIONALE E DIRITTO AMMINISTRATIVO$v14 676 $a342$9DIRITTO COSTITUZIONALE E AMMINISTRATIVO$v21 676 $a342.45$9DIRITTO COSTITUZIONALE E AMMINISTRATIVO. ITALIA$v19 676 $a342.45$9DIRITTO COSTITUZIONALE E AMMINISTRATIVO. ITALIA$v20 676 $a342.45$9DIRITTO COSTITUZIONALE E AMMINISTRATIVO. ITALIA$v21 676 $a342.4502$9STRUMENTI FONDAMENTALI DELLO STATO. ITALIA$v21 700 1$aVirga$b, Pietro$3CFIV021606$4070$040126 801 3$aIT$bIT-000000$c20140822 850 $aIT-BN0095 $aIT-AV0007 $aIT-NA0079 901 $bNAP BN$cS.MOD $nLa consegna dei documenti è effettuata dall'Ufficio Distribuzione 901 $bNAP 01$cGUERRAZZI $n$ 901 $bNAP AV$cSEZ. M $nSezione Moderna 912 $aSBL0364942 950 0$aBiblioteca Centralizzata di Ateneo$b1 v.$c1 v.$d 01GUERRAZZI B 1159$e 0101 0000100045 VMA 1 v.$fA $h20080512$i20080512 977 $a 01$a AV$a BN 996 $aDiritto costituzionale$9619377 997 $aUNISANNIO